000 02412nam a22002537a 4500
005 20091209120037.0
020 _a8181150619
_c150.00
035 _aB-372854-859
037 _bचिल्ड्रन बुक बैंक/ PUB
082 _a821
100 _aमृदुल, सूरज
_917271
245 _aसचित्र बाल-कविताएँ /
_cसूरज मृदुल
260 _aनई दिल्ली
_bचिल्ड्रन बुक बैंक
_c2009
270 _aएस-419, (ग्राउंड फ्लोर), ग्रेटर कैलाश-1
_bनई दिल्ली
_e110048
300 _a96पृ
_c22सेमी (सजिल्द)
_bसचित्र
942 _2ddc
_cCH
_h821
_mमृदुल
999 _c32280
_d32280